[Event "V Festival A"]
[Site "Montecatini Terme"]
[Date "1996.07.??"]
[Round "7"]
[White "Rudolph, Johannes"]
[Black "Bartolini, Tommaso"]
[Result "1/2-1/2"]
[WhiteElo "2240"]
[BlackElo "2120"]
[PlyCount "98"]
[EventDate "1996.07.27"]
[EventType "swiss"]
[EventRounds "5"]
[EventCountry "ITA"]
[SourceDate "2005.09.12"]

1. d4 Nf6 2. c4 g6 3. Nc3 d5 4. cxd5 Nxd5 5. e4 Nxc3 6. bxc3 Bg7 7. Nf3 c5 8.
Rb1 O-O 9. Be2 cxd4 10. cxd4 Qa5+ 11. Bd2 Qxa2 12. O-O Bg4 13. Be3 Nc6 14. d5
Ne5 15. Bc5 Rfc8 16. Bxe7 Rc2 17. Re1 Bxf3 18. Bxf3 Rxf2 19. Be2 Rf4 20. Rb4 a5
21. Ra4 Qb2 22. Bc5 Nd7 23. Be3 b5 24. Bxb5 Qxb5 25. Bxf4 Nc5 26. Ra2 Nd3 27.
Rf1 a4 28. Kh1 a3 29. Bd2 Nb4 30. Qb1 Bb2 31. Bxb4 Qxb4 32. Qd3 Re8 33. d6 Rd8
34. Qd5 Qxd6 35. Qxf7+ Kh8 36. h3 Qe5 37. Qb7 Rb8 38. Qa7 Rc8 39. Qd7 Qe8 40.
Qd5 Rd8 41. Qg5 Rc8 42. Qg4 Rd8 43. Qf3 Qe7 44. Qe2 Qe5 45. Qc4 Re8 46. Rf7 Qe6
47. Qxe6 Rxe6 48. Rb7 Rxe4 49. Raxb2 axb2 1/2-1/2

[Event "V Festival A"]
[Site "Montecatini Terme"]
[Date "1996.07.??"]
[Round "7"]
[White "Sax, Gyula"]
[Black "Borgo, Giulio"]
[Result "0-1"]
[WhiteElo "2525"]
[BlackElo "2375"]
[PlyCount "118"]
[EventDate "1996.07.27"]
[EventType "swiss"]
[EventRounds "5"]
[EventCountry "ITA"]
[SourceDate "2005.09.12"]

1. e4 c5 2. Nf3 Nc6 3. d4 cxd4 4. Nxd4 e6 5. Nc3 Qc7 6. Be3 a6 7. Bd3 Nf6 8.
O-O Nxd4 9. Bxd4 Bc5 10. Be2 d6 11. Na4 Bxd4 12. Qxd4 e5 13. Qe3 Be6 14. c4 Rd8
15. Rac1 O-O 16. b4 a5 17. a3 axb4 18. axb4 Qc6 19. Nc3 Rc8 20. Nb5 Ra8 21.
Rfd1 Rfd8 22. f3 Ne8 23. Bf1 Nc7 24. Nc3 Na6 25. Rb1 Rac8 26. Rdc1 Nb8 27. Nd5
Kf8 28. Nb6 Rc7 29. Ra1 Nd7 30. Nd5 Rcc8 31. Kf2 h6 32. Ra7 Bxd5 33. exd5 Qc7
34. Bd3 Nb6 35. Rc2 Ra8 36. Rxa8 Rxa8 37. Qe4 g6 38. c5 Nd7 39. Qe3 Kg7 40. c6
bxc6 41. Rxc6 Qb8 42. Qd2 Nf6 43. Bc4 Ra4 44. Be2 Rxb4 45. Qe3 Rb3 46. Qd2 Qa7+
47. Kg3 Qa4 48. Kf2 Qa7+ 49. Kf1 Rb1+ 50. Bd1 Qa4 51. Ke2 Qb5+ 52. Ke1 Rb2 53.
Ba4 Rxd2 54. Bxb5 Rxd5 55. Ba4 Rd4 56. Bd1 Nd7 57. Rc7 Nc5 58. g3 Kf6 59. Ke2
Rb4 0-1

[Event "V Festival A"]
[Site "Montecatini Terme"]
[Date "1996.07.??"]
[Round "8"]
[White "Bartolini, Tommaso"]
[Black "Patelli, Alessandro"]
[Result "1-0"]
[WhiteElo "2120"]
[BlackElo "2240"]
[PlyCount "55"]
[EventDate "1996.07.27"]
[EventType "swiss"]
[EventRounds "5"]
[EventCountry "ITA"]
[SourceDate "2005.09.12"]

1. d4 Nf6 2. Bg5 d5 3. Nd2 Nbd7 4. Ngf3 e6 5. e3 Be7 6. Bd3 c5 7. c3 Qc7 8. Qe2
e5 9. dxe5 Nxe5 10. Nxe5 Qxe5 11. Bb5+ Nd7 12. Nf3 Qe6 13. Rd1 h6 14. Bxe7 Kxe7
15. c4 dxc4 16. Bxc4 Qf6 17. Rd5 a6 18. Qc2 g6 19. O-O Kf8 20. Rfd1 Qe7 21. Qc3
Rg8 22. Ne5 Nxe5 23. Rxe5 Qc7 24. Bxf7 Kxf7 25. Rxc5 Qe7 26. Rc7 Re8 27. Rxe7+
Rxe7 28. Qh8 1-0

[Event "V Festival A"]
[Site "Montecatini Terme"]
[Date "1996.07.??"]
[Round "9"]
[White "Nurkic, Sahbaz"]
[Black "Bartolini, Tommaso"]
[Result "0-1"]
[WhiteElo "2405"]
[BlackElo "2120"]
[PlyCount "68"]
[EventDate "1996.07.27"]
[EventType "swiss"]
[EventRounds "5"]
[EventCountry "ITA"]
[SourceDate "2005.09.12"]

1. e4 c5 2. c3 d5 3. exd5 Qxd5 4. d4 cxd4 5. cxd4 Nc6 6. Nf3 e5 7. Nc3 Bb4 8.
Bd2 Bxc3 9. Bxc3 e4 10. Ne5 Nxe5 11. dxe5 Ne7 12. Qa4+ Bd7 13. Qb4 a5 14. Qa3
Qe6 15. Qc5 Rc8 16. Qxa5 O-O 17. Rd1 Bc6 18. Rd6 Qg4 19. h3 Qh4 20. g3 Qg5 21.
Bd2 Qf5 22. g4 Qf3 23. Rg1 Ra8 24. Qxa8 Rxa8 25. Be3 Bb5 26. Bxb5 Qxh3 27. Rd7
Ng6 28. e6 fxe6 29. Rxb7 e5 30. Bc6 Rd8 31. Bxe4 Qh4 32. a4 Qf6 33. a5 Qd6 34.
Kf1 Qd1+ 0-1

[Event "XIII Moglianoscacchi Magistrale"]
[Site "Mogliano Veneto"]
[Date "1992.??.??"]
[Round "?"]
[White "Dizdarevic, Emir"]
[Black "Manca, Federico"]
[Result "1-0"]
[WhiteElo "2505"]
[BlackElo "2415"]
[PlyCount "47"]
[EventDate "1992.??.??"]
[EventType "swiss"]
[EventRounds "4"]
[EventCountry "ITA"]
[SourceDate "2005.09.12"]

1. Nf3 Nf6 2. g3 g6 3. b3 Bg7 4. Bb2 O-O 5. Bg2 c5 6. c4 Nc6 7. O-O e6 8. d4 d5
9. dxc5 dxc4 10. Ne5 Nxe5 11. Bxe5 Nd7 12. Bxg7 Kxg7 13. Qd4+ Qf6 14. Qxf6+
Kxf6 15. Rc1 Nxc5 16. Rxc4 Rd8 17. Nc3 Na6 18. b4 e5 19. Nd5+ Kg7 20. b5 Be6
21. Rd1 Nb8 22. Rcc1 Bxd5 23. Rxd5 Nd7 24. Rcd1 1-0

[Event "XIII Moglianoscacchi Magistrale"]
[Site "Mogliano Veneto"]
[Date "1992.??.??"]
[Round "?"]
[White "Joksic, Sinisa"]
[Black "Godena, Michele"]
[Result "0-1"]
[WhiteElo "2320"]
[BlackElo "2425"]
[PlyCount "122"]
[EventDate "1992.??.??"]
[EventType "swiss"]
[EventRounds "4"]
[EventCountry "ITA"]
[SourceDate "2005.09.12"]

1. d4 d5 2. Nf3 c6 3. Nbd2 Nf6 4. Ne5 Nbd7 5. f4 g6 6. e3 Bg7 7. Bd3 O-O 8.
Ndf3 Ne4 9. Nxd7 Bxd7 10. O-O Nd6 11. Qe2 Rc8 12. Bd2 a5 13. Be1 b6 14. Nh4 c5
15. c3 e6 16. Nf3 Qe8 17. g4 Bb5 18. Bxb5 Qxb5 19. Qxb5 Nxb5 20. Ne5 Rfe8 21.
g5 Nd6 22. Ng4 b5 23. a3 Ne4 24. Nf2 Nd6 25. Ng4 Nf5 26. Bf2 c4 27. Be1 h5 28.
gxh6 Nxh6 29. Nxh6+ Bxh6 30. a4 Rb8 31. axb5 Rxb5 32. Ra2 Reb8 33. Rf2 Bf8 34.
Rc2 Kg7 35. Kg2 Be7 36. Bd2 Bd8 37. Bc1 Bc7 38. Re2 f5 39. Rf2 Kf6 40. Rf3 Rh8
41. Rh3 Rxh3 42. Kxh3 Rb8 43. Bd2 Rh8+ 44. Kg2 Ke7 45. Be1 g5 46. Bg3 g4 47.
Ra3 Kd7 48. Kf2 Kc6 49. Ke2 Rb8 50. Ra2 Kb5 51. Ra1 Rh8 52. Kd2 Bd8 53. Rg1 Rh3
54. Kc2 Bh4 55. Kb1 Bxg3 56. hxg3 Rh2 57. Ka2 Re2 58. Ka3 Rxe3 59. Rg2 Re1 60.
Ka2 Kc6 61. Rh2 Rg1 0-1

[Event "XIII Moglianoscacchi Magistrale"]
[Site "Mogliano Veneto"]
[Date "1992.??.??"]
[Round "?"]
[White "Manca, Federico"]
[Black "Vujovic, Milorad"]
[Result "1-0"]
[WhiteElo "2415"]
[BlackElo "2270"]
[PlyCount "41"]
[EventDate "1992.??.??"]
[EventType "swiss"]
[EventRounds "4"]
[EventCountry "ITA"]
[SourceDate "2005.09.12"]

1. e4 c5 2. c3 e6 3. d4 cxd4 4. cxd4 d5 5. exd5 exd5 6. Nf3 Bf5 7. Nc3 Nc6 8.
Bb5 Bb4 9. O-O Nge7 10. Bg5 f6 11. Bf4 O-O 12. Rc1 Bg4 13. Be2 Re8 14. h3 Bh5
15. Nb5 Bxf3 16. Bxf3 Ng6 17. Bg3 Re7 18. a3 Ba5 19. Nd6 Rd7 20. Bxd5+ Kf8 21.
Nxb7 1-0

[Event "XIII Moglianoscacchi Magistrale"]
[Site "Mogliano Veneto"]
[Date "1992.??.??"]
[Round "2"]
[White "Pastres, Roberto"]
[Black "Dizdarevic, Emir"]
[Result "0-1"]
[WhiteElo "2225"]
[BlackElo "2505"]
[PlyCount "64"]
[EventDate "1992.??.??"]
[EventType "swiss"]
[EventRounds "4"]
[EventCountry "ITA"]
[SourceDate "2005.09.12"]

1. e4 c5 2. Nf3 e6 3. d4 cxd4 4. Nxd4 a6 5. Nc3 Qc7 6. g3 Bb4 7. Bd2 Nf6 8. Qe2
Nc6 9. Nb3 O-O 10. Bg2 d5 11. exd5 exd5 12. O-O Bg4 13. Qd3 Be6 14. a3 Be7 15.
Bf4 Qd7 16. Rad1 Rad8 17. Nd4 Nxd4 18. Qxd4 Qc6 19. h3 Rd7 20. Be3 Rc8 21. g4
Bxa3 22. Na4 Qb5 23. bxa3 Rc4 24. Qa7 Rd8 25. Qb6 Qe8 26. Nc5 Bxg4 27. hxg4
Rxg4 28. Rd4 Rg6 29. Nxb7 Ra8 30. Nd6 Qe6 31. Qb7 Rf8 32. Qc7 Qh3 0-1

[Event "XIII Moglianoscacchi Magistrale"]
[Site "Mogliano Veneto"]
[Date "1992.??.??"]
[Round "2"]
[White "Rosino, Antonio"]
[Black "Fabris, Alberto"]
[Result "1/2-1/2"]
[WhiteElo "2320"]
[BlackElo "2220"]
[PlyCount "110"]
[EventDate "1992.??.??"]
[EventType "swiss"]
[EventRounds "4"]
[EventCountry "ITA"]
[SourceDate "2005.09.12"]

1. e4 c5 2. c3 d5 3. exd5 Qxd5 4. d4 Nc6 5. Nf3 Nf6 6. Be2 cxd4 7. cxd4 e6 8.
Nc3 Qd6 9. O-O Be7 10. Bg5 O-O 11. Qd2 b6 12. Rad1 Bb7 13. a3 Rac8 14. Bd3 Rfd8
15. Qe2 g6 16. Bh4 Qb8 17. Bc4 Re8 18. Bg3 Qa8 19. Ng5 Nd8 20. f3 Nd5 21. Nge4
Rxc4 22. Qxc4 Ne3 23. Qb5 Bc6 24. Qe5 Nxf1 25. Rxf1 Nb7 26. Bf4 Bxe4 27. Nxe4
Qd8 28. Bh6 Bf8 29. Nf6+ Qxf6 30. Qxf6 Bxh6 31. Rd1 Bg7 32. Qf4 Rc8 33. Rc1
Bxd4+ 34. Kf1 Rxc1+ 35. Qxc1 Kg7 36. Qc7 Nc5 37. b4 Nb3 38. Qxa7 e5 39. Qd7
Nd2+ 40. Ke2 Nc4 41. a4 Ne3 42. g3 Nc4 43. Qc6 Ne3 44. a5 bxa5 45. bxa5 Nf5 46.
g4 Nh4 47. a6 g5 48. Qb7 Ng6 49. a7 Bxa7 50. Qxa7 h6 51. Ke3 Nf4 52. Ke4 Ng6
53. Qb7 Kf6 54. Qc6+ Kg7 55. Kf5 Ne7+ 1/2-1/2

[Event "XIII Moglianoscacchi Magistrale"]
[Site "Mogliano Veneto"]
[Date "1992.??.??"]
[Round "3"]
[White "Pastres, Roberto"]
[Black "Simoli, Sergio"]
[Result "1-0"]
[WhiteElo "2225"]
[BlackElo "2210"]
[PlyCount "69"]
[EventDate "1992.??.??"]
[EventType "swiss"]
[EventRounds "4"]
[EventCountry "ITA"]
[SourceDate "2005.09.12"]

1. e4 Nc6 2. Nc3 Nf6 3. d4 e5 4. d5 Ne7 5. f4 d6 6. fxe5 dxe5 7. Nf3 Ng6 8.
Bb5+ Bd7 9. Qd3 c6 10. dxc6 bxc6 11. Bc4 Be7 12. O-O O-O 13. Be3 Ng4 14. Rad1
Nxe3 15. Qxe3 Qa5 16. Kh1 Bc8 17. Ng5 Nf4 18. Nxf7 Rxf7 19. Rxf4 exf4 20. Qxf4
Bf6 21. e5 Be6 22. Bxe6 Qxe5 23. Qxe5 Bxe5 24. Rd7 Raf8 25. Rxa7 g6 26. Rxf7
Rxf7 27. g3 Kf8 28. Bxf7 Kxf7 29. Kg2 h5 30. Kf3 Ke6 31. Nd1 h4 32. c3 hxg3 33.
hxg3 Kd5 34. Ne3+ Kc5 35. g4 1-0

[Event "XIII Moglianoscacchi Magistrale"]
[Site "Mogliano Veneto"]
[Date "1992.??.??"]
[Round "4"]
[White "Pastres, Roberto"]
[Black "Sartori, Spartaco"]
[Result "1-0"]
[WhiteElo "2225"]
[BlackElo "2270"]
[PlyCount "55"]
[EventDate "1992.??.??"]
[EventType "swiss"]
[EventRounds "4"]
[EventCountry "ITA"]
[SourceDate "2005.09.12"]

1. e4 e6 2. b3 d5 3. Bb2 dxe4 4. Nc3 Nf6 5. g4 h6 6. Bg2 Bd7 7. Nxe4 Bc6 8.
Nxf6+ gxf6 9. Bxc6+ Nxc6 10. Qf3 Nd4 11. Qxb7 Nxc2+ 12. Kd1 Nb4 13. Bxf6 Qxf6
14. Qxa8+ Kd7 15. Rc1 Qxf2 16. Ne2 Nd5 17. Qc6+ Kd8 18. Rc4 Bg7 19. Qc5 Qf3 20.
Re1 a6 21. Kc1 Qd3 22. Nf4 Bb2+ 23. Kxb2 Qxd2+ 24. Ka3 Qxe1 25. Nxd5 exd5 26.
Qxd5+ Kc8 27. Qa8+ Kd7 28. Qxh8 1-0

[Event "XIII Moglianoscacchi Magistrale"]
[Site "Mogliano Veneto"]
[Date "1992.??.??"]
[Round "6"]
[White "Pastres, Roberto"]
[Black "Fabris, Alberto"]
[Result "1-0"]
[WhiteElo "2225"]
[BlackElo "2220"]
[PlyCount "83"]
[EventDate "1992.??.??"]
[EventType "swiss"]
[EventRounds "4"]
[EventCountry "ITA"]
[SourceDate "2005.09.12"]

1. e4 c5 2. Nc3 Nc6 3. g3 g6 4. Bg2 Bg7 5. d3 d6 6. Be3 e6 7. Qd2 Nd4 8. Nd1
Ne7 9. c3 Ndc6 10. f4 O-O 11. Nf3 f5 12. O-O Rb8 13. Re1 Qa5 14. exf5 Nxf5 15.
Bf2 b5 16. Ne3 b4 17. Nxf5 bxc3 18. bxc3 exf5 19. d4 cxd4 20. Nxd4 Nd8 21. Re7
Bf6 22. Ree1 Bd7 23. Nb3 Bxc3 24. Qxd6 Qb5 25. Nd4 Qa4 26. Qxb8 Bxd4 27. Rad1
Bxf2+ 28. Kxf2 Ne6 29. Qb3 Qxb3 30. axb3 Bc8 31. Bd5 Kf7 32. Bxe6+ Bxe6 33. Rc1
Bxb3 34. Rc7+ Kg8 35. Rxa7 Rd8 36. Ree7 Rc8 37. Rxh7 Rc2+ 38. Ke3 Rc8 39. Rhe7
Bd5 40. Kd4 Be4 41. Rg7+ Kh8 42. Ke5 1-0

[Event "II Festival Mare d'Inverno A"]
[Site "Gabicce Mare "]
[Date "2013.01.02"]
[Round "1"]
[White "Bisi, Samuele"]
[Black "Petkov, Vladimir"]
[Result "1-0"]
[WhiteElo "2054"]
[BlackElo "2564"]
[PlyCount "121"]
[EventDate "2013.01.03"]
[EventType "swiss"]
[EventCountry "ITA"]
[SourceDate "2005.09.12"]

1. d4 c5 2. d5 e6 3. c4 exd5 4. cxd5 d6 5. Nc3 g6 6. e4 a6 7. f4 Bg7 8. Nf3 Ne7
9. a4 Bg4 10. Bc4 O-O 11. O-O Nd7 12. Be3 Re8 13. Qd2 Qa5 14. Nh4 Qb4 15. Bd3
c4 16. Bc2 Nc5 17. Rab1 Nd3 18. f5 gxf5 19. exf5 Bf6 20. Bxd3 Bxh4 21. Rf4 h5
22. Rxc4 Qb3 23. Bg5 Qb6+ 24. Kh1 Qf2 25. Qxf2 Bxf2 26. Ne4 b5 27. Rc2 Bd4 28.
Nxd6 Nxd5 29. Nxe8 Rxe8 30. h3 Nb4 31. hxg4 Nxd3 32. gxh5 f6 33. Bh4 Re4 34.
Bg3 bxa4 35. Rd2 Nc5 36. Re1 Rg4 37. Kh2 Nb3 38. Rde2 Kh7 39. Kh3 Rg8 40. Re7+
Kh8 41. R1e2 Bc5 42. Re8 Bd4 43. Rxg8+ Kxg8 44. Bd6 Na5 45. Rc2 Kg7 46. Bb4 Nb3
47. Kh4 Be5 48. g4 Nd4 49. Rf2 Nb5 50. Bc5 Nc7 51. Rd2 Nb5 52. g5 fxg5+ 53.
Kxg5 Bf6+ 54. Kg4 Be5 55. Re2 Bf6 56. Be7 Bd4 57. Kg5 Nc7 58. h6+ Kf7 59. f6
Nd5 60. h7 Nxf6 61. h8=Q 1-0

[Event "II Festival Mare d'Inverno A"]
[Site "Gabicce Mare "]
[Date "2013.01.02"]
[Round "1"]
[White "Drazic, Sinisa"]
[Black "Rovedi, Mauro"]
[Result "1-0"]
[WhiteElo "2471"]
[BlackElo "2049"]
[PlyCount "133"]
[EventDate "2013.01.03"]
[EventType "swiss"]
[EventCountry "ITA"]
[SourceDate "2005.09.12"]

1. Nh3 b6 2. Nc3 Bb7 3. e4 c5 4. d4 cxd4 5. Qxd4 Nc6 6. Qd2 e6 7. Bb5 Bb4 8. a3
Bxc3 9. Qxc3 Qf6 10. Qg3 Qe5 11. Qxe5 Nxe5 12. f3 Rc8 13. Bf4 Nc4 14. O-O-O Nf6
15. Bxc4 Rxc4 16. Bd6 Rc6 17. b3 Nd5 18. Be5 Nf6 19. Rd2 Ke7 20. Rhd1 Rd8 21.
Bd6+ Ke8 22. Kb2 Ng8 23. Nf4 f6 24. a4 Ne7 25. c4 Kf7 26. Ba3 Rc7 27. Ne2 e5
28. Nc3 Bc6 29. Nb5 Bxb5 30. Bxe7 Kxe7 31. axb5 d6 32. Kc3 Ke6 33. g3 Rdd7 34.
f4 g6 35. Kd3 Rg7 36. Ke3 Rgd7 37. Rd5 Rc5 38. Kf3 Ke7 39. R5d2 Rd8 40. h4 h5
41. Ra2 Rc7 42. Ke3 Ke6 43. fxe5 fxe5 44. Rf1 Rdd7 45. Rf8 Rf7 46. Rg8 Rg7 47.
Rh8 Rh7 48. Ra8 Rhf7 49. Ra1 Rb7 50. Rg1 Rf6 51. Re8+ Kd7 52. Rg8 Ke6 53. Kd2
Rbf7 54. Kc3 Rc7 55. Kb4 Kf7 56. Rd8 Ke7 57. Rh8 Ke6 58. g4 hxg4 59. Rxg4 Rg7
60. h5 Rf4 61. h6 Rgf7 62. Rxg6+ R7f6 63. Re8+ Kf7 64. Rxf6+ Rxf6 65. h7 Kxe8
66. h8=Q+ Ke7 67. Qb8 1-0

[Event "II Festival Mare d'Inverno A"]
[Site "Gabicce Mare "]
[Date "2013.01.02"]
[Round "1"]
[White "Sanguinetti Conde, Eduardo"]
[Black "Bodiroga, Predrag"]
[Result "1/2-1/2"]
[WhiteElo "1986"]
[BlackElo "2387"]
[PlyCount "129"]
[EventDate "2013.01.03"]
[EventType "swiss"]
[EventCountry "ITA"]
[SourceDate "2005.09.12"]

1. e4 c6 2. d4 d5 3. Nd2 dxe4 4. Nxe4 Bf5 5. Ng3 Bg6 6. h4 h6 7. Nf3 Nd7 8. h5
Bh7 9. Bd3 Bxd3 10. Qxd3 e6 11. Bd2 Ngf6 12. O-O-O Be7 13. Ne4 Nxe4 14. Qxe4
Nf6 15. Qe2 Qd5 16. c4 Qe4 17. Qxe4 Nxe4 18. Be3 O-O 19. Ne5 Rfc8 20. Kb1 a5
21. g4 a4 22. f3 Nd6 23. Rc1 Rd8 24. Rhd1 Bf6 25. Bf4 Rac8 26. Rc2 Be7 27. d5
Ne8 28. Rcd2 exd5 29. cxd5 c5 30. Nc4 Ra8 31. d6 Bg5 32. Bxg5 hxg5 33. d7 Nf6
34. Ne5 Ra6 35. Rc1 Ra5 36. Nc4 Rb5 37. Ne5 Kf8 38. Rdc2 c4 39. Nxc4 Rxd7 40.
Ne3 a3 41. Rc8+ Ke7 42. Nf5+ Rxf5 43. gxf5 axb2 44. Kxb2 Nxh5 45. R8c7 Ng3 46.
Rxd7+ Kxd7 47. Rg1 Nxf5 48. Rxg5 Ke6 49. Kc3 f6 50. Rg4 Kd5 51. Rb4 Nd6 52. f4
b5 53. Kd3 g5 54. fxg5 fxg5 55. Rg4 Nf7 56. Rd4+ Kc5 57. Ke3 Nd6 58. Rg4 Nf7
59. Rg1 Kb4 60. Rb1+ Kc4 61. Rc1+ Kd5 62. Rf1 Nd6 63. Rg1 Nf7 64. Rf1 Nd6 65.
Rg1 1/2-1/2

[Event "II Festival Mare d'Inverno A"]
[Site "Gabicce Mare "]
[Date "2013.01.02"]
[Round "2"]
[White "Bae, Torstein"]
[Black "Formento, Paolo"]
[Result "1/2-1/2"]
[WhiteElo "2442"]
[BlackElo "2184"]
[PlyCount "103"]
[EventDate "2013.01.03"]
[EventType "swiss"]
[EventCountry "ITA"]
[SourceDate "2005.09.12"]

1. e4 e6 2. d4 d5 3. exd5 exd5 4. c4 Bb4+ 5. Nc3 Nf6 6. Bd3 dxc4 7. Bxc4 O-O 8.
Nf3 c6 9. O-O Bg4 10. Be3 Nbd7 11. h3 Bxf3 12. Qxf3 Nb6 13. Bb3 Nbd5 14. Bg5
Qd6 15. Bh4 Rfe8 16. Bg3 Qd7 17. Be5 Bd6 18. Rfe1 Rad8 19. Rad1 Qc7 20. Nxd5
Nxd5 21. Qg3 f6 22. Bxd6 Rxe1+ 23. Rxe1 Qxd6 24. Qxd6 Rxd6 25. Re7 b5 26. Rxa7
h5 27. Ra6 Kh7 28. Bxd5 Rxd5 29. Rxc6 Rxd4 30. Rc5 Rb4 31. b3 g6 32. Kf1 Kg7
33. Ke2 Kf7 34. Kd3 Ke6 35. Kc3 Re4 36. Kd3 Rb4 37. Rc6+ Ke5 38. Rb6 Rd4+ 39.
Kc3 Rd5 40. Kb4 Rd4+ 41. Kxb5 Rd2 42. a4 Rxf2 43. a5 Rxg2 44. a6 Ra2 45. Rc6 g5
46. Rc4 Ra3 47. b4 f5 48. Kb6 g4 49. hxg4 hxg4 50. a7 g3 51. Rc5+ Ke6 52. Rc6+
1/2-1/2

[Event "II Festival Mare d'Inverno A"]
[Site "Gabicce Mare "]
[Date "2013.01.02"]
[Round "2"]
[White "Bjerke, Silje"]
[Black "Ruck, Robert"]
[Result "1-0"]
[WhiteElo "2210"]
[BlackElo "2571"]
[PlyCount "66"]
[EventDate "2013.01.03"]
[EventType "swiss"]
[EventCountry "ITA"]
[SourceDate "2005.09.12"]

1. e4 c6 2. d4 d5 3. e5 Bf5 4. h4 Qb6 5. Ne2 h5 6. Nf4 e6 7. c4 Bxb1 8. Rxb1
Bb4+ 9. Ke2 dxc4 10. Be3 Qd8 11. a3 Ba5 12. Qc2 Na6 13. Qxc4 Nc7 14. g3 Ne7 15.
Bg2 Bb6 16. Rhd1 Qd7 17. Kf1 Rd8 18. Be4 Ncd5 19. Nd3 O-O 20. Kg1 Nf5 21. Bxf5
exf5 22. b4 Qe6 23. b5 f4 24. gxf4 Qg4+ 25. Kh2 Qxh4+ 26. Kg2 Qg4+ 27. Kh2 Nxe3
28. fxe3 Qe2+ 29. Kh1 Qxe3 30. bxc6 Qh3+ 31. Kg1 Bxd4+ 32. Nf2 Qg3+ 33. Kh1
Qf3+ 1-0

[Event "II Festival Mare d'Inverno A"]
[Site "Gabicce Mare "]
[Date "2013.01.02"]
[Round "2"]
[White "Miracola, Massimiliano"]
[Black "Szabo, Bence"]
[Result "1-0"]
[WhiteElo "2143"]
[BlackElo "2366"]
[PlyCount "83"]
[EventDate "2013.01.03"]
[EventType "swiss"]
[EventCountry "ITA"]
[SourceDate "2005.09.12"]

1. e4 c5 2. Nf3 d6 3. d4 cxd4 4. Nxd4 Nf6 5. Nc3 a6 6. Be3 e5 7. Nb3 Be6 8. f3
Nbd7 9. Qd2 b5 10. g4 Nb6 11. g5 Nfd7 12. Nd5 Bxd5 13. exd5 Rc8 14. Na5 Qc7 15.
c4 bxc4 16. Rc1 Be7 17. Bxc4 Bd8 18. O-O Nxc4 19. Nxc4 Rb8 20. Nxe5 Qb7 21. Nc6
Ra8 22. Bf4 O-O 23. Bxd6 Re8 24. Rfe1 Bb6+ 25. Kg2 f6 26. Rxe8+ Rxe8 27. Re1
Qa8 28. Re7 Rxe7 29. Nxe7+ Kh8 30. gxf6 Nxf6 31. Be5 Nd7 32. Bc3 Qf8 33. Qg5
Bd8 34. d6 Qf7 35. Qf5 Qxf5 36. Nxf5 Bf6 37. Bxf6 Nxf6 38. Ne7 g6 39. Nd5 Nd7
40. b4 Kg7 41. Nc7 Nb8 42. Nxa6 1-0

[Event "II Festival Mare d'Inverno A"]
[Site "Gabicce Mare "]
[Date "2013.01.03"]
[Round "3"]
[White "Caprio, Guido"]
[Black "Miracola, Massimiliano"]
[Result "1-0"]
[WhiteElo "2409"]
[BlackElo "2143"]
[PlyCount "51"]
[EventDate "2013.01.03"]
[EventType "swiss"]
[EventCountry "ITA"]
[SourceDate "2005.09.12"]

1. Nf3 Nf6 2. c4 g6 3. Nc3 Bg7 4. e4 d6 5. d4 O-O 6. h3 c5 7. d5 b5 8. cxb5 a6
9. a4 axb5 10. Bxb5 Ba6 11. Qe2 Bxb5 12. Nxb5 Na6 13. O-O Nc7 14. Nc3 Nd7 15.
Bf4 Ra7 16. e5 dxe5 17. Nxe5 Nxe5 18. Bxe5 Nxd5 19. Bxg7 Kxg7 20. Qe5+ Nf6 21.
Qxc5 Qa8 22. Rfd1 Ra5 23. Qxe7 Rg5 24. g3 Qf3 25. Qe2 Qf5 26. Qb5 1-0

[Event "II Festival Mare d'Inverno A"]
[Site "Gabicce Mare "]
[Date "2013.01.03"]
[Round "3"]
[White "Ruck, Robert"]
[Black "Rambaldi, Francesco"]
[Result "1-0"]
[WhiteElo "2571"]
[BlackElo "2310"]
[PlyCount "61"]
[EventDate "2013.01.03"]
[EventType "swiss"]
[EventCountry "ITA"]
[SourceDate "2005.09.12"]

1. Nf3 c5 2. c4 Nc6 3. d4 cxd4 4. Nxd4 Nf6 5. g3 Qb6 6. Nc2 h5 7. h3 Ne4 8. e3
Qa5+ 9. Nd2 Qf5 10. Nf3 Qa5+ 11. Nd2 Qf5 12. Rh2 Nc5 13. Nf3 Ne5 14. Ncd4 Nxf3+
15. Nxf3 Qf6 16. Nd4 Qb6 17. Nb5 a5 18. b3 d6 19. Ba3 Bf5 20. Qd4 Rc8 21. Rd1
Rh6 22. Bg2 e5 23. Qd5 Bd7 24. Bxc5 Qxc5 25. Qxb7 Qb4+ 26. Kf1 Rf6 27. Nc7+
Rxc7 28. Qxc7 Qc3 29. Bc6 Bxc6 30. Qxc6+ Ke7 31. Qe4 1-0

[Event "II Festival Mare d'Inverno A"]
[Site "Gabicce Mare "]
[Date "2013.01.03"]
[Round "4"]
[White "Altini, Nicola"]
[Black "Caprio, Guido"]
[Result "1-0"]
[WhiteElo "2343"]
[BlackElo "2409"]
[PlyCount "55"]
[EventDate "2013.01.03"]
[EventType "swiss"]
[EventCountry "ITA"]
[SourceDate "2005.09.12"]

1. d4 Nf6 2. Nf3 e6 3. e3 d5 4. Bd3 Nbd7 5. b3 Bb4+ 6. c3 Bd6 7. c4 e5 8. c5
Be7 9. dxe5 Ng4 10. Bb2 Nxc5 11. h3 Nxd3+ 12. Qxd3 Nh6 13. O-O O-O 14. Nc3 c6
15. Rad1 Qa5 16. a3 Bf5 17. Qe2 f6 18. b4 Qb6 19. e4 dxe4 20. Nxe4 fxe5 21.
Qc4+ Kh8 22. Nxe5 Rad8 23. Rxd8 Qxd8 24. Qc3 Bf6 25. Nxf6 Qxf6 26. Qe3 Kg8 27.
g4 Qh4 28. Qb3+ 1-0

[Event "II Festival Mare d'Inverno A"]
[Site "Gabicce Mare "]
[Date "2013.01.03"]
[Round "4"]
[White "Bodiroga, Predrag"]
[Black "Miracola, Massimiliano"]
[Result "1-0"]
[WhiteElo "2387"]
[BlackElo "2143"]
[PlyCount "71"]
[EventDate "2013.01.03"]
[EventType "swiss"]
[EventCountry "ITA"]
[SourceDate "2005.09.12"]

1. d4 Nf6 2. c4 g6 3. Nc3 Bg7 4. e4 d6 5. Nf3 O-O 6. h3 e5 7. d5 a5 8. g4 Na6
9. Be3 Nc5 10. Nd2 Bd7 11. Be2 c6 12. h4 Ne8 13. Nb3 Nxb3 14. Qxb3 c5 15. Qc2
f5 16. gxf5 gxf5 17. Bg5 Bf6 18. Rg1 Ng7 19. exf5 Bxg5 20. Rxg5 Rxf5 21. Ne4
Rxg5 22. Nxg5 Bf5 23. Qd2 h6 24. Ne6 Bxe6 25. dxe6 Qxh4 26. O-O-O Rd8 27. Kb1
Kh8 28. Bf3 Nxe6 29. Bxb7 Qf4 30. Qxa5 Rg8 31. Bd5 Nd4 32. a3 Qf5+ 33. Ka2 Rb8
34. Qd2 Qh3 35. Rh1 Qb3+ 36. Kb1 1-0

[Event "II Festival Mare d'Inverno A"]
[Site "Gabicce Mare "]
[Date "2013.01.03"]
[Round "4"]
[White "Drazic, Sinisa"]
[Black "Ruck, Robert"]
[Result "1/2-1/2"]
[WhiteElo "2471"]
[BlackElo "2571"]
[PlyCount "65"]
[EventDate "2013.01.03"]
[EventType "swiss"]
[EventCountry "ITA"]
[SourceDate "2005.09.12"]

1. Nf3 Nf6 2. c4 c5 3. b3 g6 4. Bb2 Bg7 5. e3 O-O 6. Be2 Nc6 7. O-O b6 8. d4
cxd4 9. Nxd4 Bb7 10. Bf3 Rb8 11. Nd2 Nxd4 12. Bxd4 Qc7 13. Rc1 d6 14. Qc2 Rfc8
15. Qb1 Bxf3 16. Nxf3 Qb7 17. h3 Rc7 18. Rfd1 Rbc8 19. a4 a6 20. Qa1 Rc6 21.
Bb2 Rc5 22. Bd4 Ne8 23. Re1 Bf6 24. Qb2 Bg7 25. Qd2 R5c7 26. Bb2 Bxb2 27. Qxb2
d5 28. Ne5 dxc4 29. Rxc4 b5 30. Rxc7 Qxc7 31. axb5 axb5 32. Qd4 Qc3 33. b4
1/2-1/2

[Event "II Festival Mare d'Inverno A"]
[Site "Gabicce Mare "]
[Date "2013.01.03"]
[Round "4"]
[White "Petkov, Vladimir"]
[Black "Brancaleoni, Maurizio"]
[Result "1-0"]
[WhiteElo "2564"]
[BlackElo "2235"]
[PlyCount "75"]
[EventDate "2013.01.03"]
[EventType "swiss"]
[EventCountry "ITA"]
[SourceDate "2005.09.12"]

1. d4 d5 2. c4 e6 3. Nc3 Be7 4. Nf3 Nf6 5. Bg5 O-O 6. e3 h6 7. Bh4 b6 8. Bxf6
Bxf6 9. cxd5 exd5 10. Be2 Bb7 11. O-O Re8 12. Rc1 c6 13. Ne1 Nd7 14. Nd3 Be7
15. b4 Nf6 16. Qb3 Bd6 17. Rfd1 Qe7 18. Bf3 Rad8 19. g3 Bb8 20. a4 Ne4 21. Bg2
h5 22. b5 cxb5 23. axb5 h4 24. Nxe4 dxe4 25. Nb4 hxg3 26. hxg3 Rc8 27. Nc6 Bxc6
28. bxc6 Bd6 29. Bh3 Rc7 30. Kg2 g6 31. Bd7 Rf8 32. Qd5 Kg7 33. Rh1 f5 34. Rh4
Rh8 35. Rxh8 Kxh8 36. Rh1+ Kg7 37. Be6 Qf8 38. Rh4 1-0